[Event "115th YMCA Masters"]
[Site "Warszawa"]
[Date "2013.01.15"]
[Round "1"]
[White "Rudolf, Michal"]
[Black "Przezdziecka, Marta"]
[Result "1/2-1/2"]
[WhiteElo "2369"]
[BlackElo "2298"]
[Annotator "Admin"]
[PlyCount "51"]
[EventDate "2013.01.11"]
[EventType "tourn"]
[EventRounds "1"]
[EventCountry "POL"]
[EventCategory "3"]
[SourceDate "2013.01.15"]

1. d4 Nf6 2. c4 g6 3. Nc3 d5 4. cxd5 Nxd5 5. e4 Nxc3 6. bxc3 Bg7 7. Bc4 c5 8.
Ne2 O-O 9. O-O Nc6 10. Be3 Qc7 11. Rc1 Na5 12. Qa4 b6 13. dxc5 Nxc4 14. Qxc4
Be6 15. Qa4 bxc5 16. Nf4 Bd7 17. Qa3 Qe5 18. Rfd1 Bc6 19. f3 Bh6 20. Nd5 Bxe3+
21. Nxe3 f5 22. Nd5 fxe4 23. Qxc5 Bxd5 24. fxe4 Qxe4 25. Qxd5+ Qxd5 26. Rxd5
$11 1/2-1/2

[Event "115th YMCA Masters"]
[Site "Warszawa"]
[Date "2013.01.24"]
[Round "1"]
[White "Rudnicki, Milosz"]
[Black "Janczarski, Michal"]
[Result "0-1"]
[WhiteElo "2229"]
[BlackElo "2335"]
[Annotator "Admin"]
[PlyCount "64"]
[EventDate "2013.01.11"]
[EventType "tourn"]
[EventRounds "1"]
[EventCountry "POL"]
[EventCategory "3"]
[SourceDate "2013.01.15"]

1. e4 c5 2. Nf3 d6 3. d4 cxd4 4. Nxd4 Nf6 5. Nc3 a6 6. Be3 e6 7. Qd2 Nbd7 8.
O-O-O b5 9. f3 Bb7 10. g4 h6 11. a3 d5 12. exd5 Nxd5 13. Nxd5 Bxd5 14. Be2 Qc7
15. Kb1 Qb7 16. Nb3 Rc8 17. Na5 Qc7 18. Rhf1 $11 b4 19. axb4 Bxb4 20. Qxb4
Qxc2+ 21. Ka1 Qxe2 22. Bd4 f6 23. Bc3 Qb5 24. Qa3 Kf7 25. f4 Nb6 26. f5 Nc4 27.
fxe6+ Bxe6 28. Nxc4 Rxc4 29. Qd6 Qb3 30. Rfe1 Ra4+ 31. Kb1 Ra1+ 32. Kxa1 Qa2#
0-1

[Event "115th YMCA Masters"]
[Site "Warszawa"]
[Date "2013.01.25"]
[Round "1"]
[White "Nguyen, Piotr"]
[Black "Kosiorek, Marek"]
[Result "1/2-1/2"]
[WhiteElo "2378"]
[BlackElo "2366"]
[Annotator "Admin"]
[PlyCount "76"]
[EventDate "2013.01.11"]
[EventType "tourn"]
[EventRounds "1"]
[EventCountry "POL"]
[EventCategory "3"]
[SourceDate "2013.01.15"]

1. Nf3 Nf6 2. c4 c5 3. Nc3 g6 4. d4 cxd4 5. Nxd4 Bg7 6. e4 d6 7. Be2 Nc6 8. Be3
O-O 9. O-O Nxd4 10. Bxd4 Be6 11. Qd2 Qa5 12. Rfd1 Rfc8 13. b3 Kf8 14. Bf3 Rab8
15. Qe3 Nd7 16. Nd5 Bxd5 17. exd5 Bxd4 18. Rxd4 Re8 19. Rh4 Kg8 20. Re4 Nf6 21.
Rh4 e6 22. g3 exd5 23. Qd4 Re5 24. Rf4 Kg7 25. Bxd5 $11 Nxd5 26. cxd5 Kg8 27.
Rc1 Rf8 28. b4 Qxa2 29. Rc7 Rxd5 30. Qe4 Rd1+ 31. Kg2 Qa6 32. Rcxf7 Qf1+ 33.
Kf3 Qh1+ 34. Kg4 Qxe4 35. Rxf8+ Kg7 36. R8f7+ Kg8 37. Rf8+ Kg7 38. R8f7+ Kg8
1/2-1/2

[Event "115th YMCA Masters"]
[Site "Warszawa"]
[Date "2013.01.24"]
[Round "1"]
[White "Leniart, Arkadiusz"]
[Black "Cajbel, Maciej"]
[Result "1-0"]
[WhiteElo "2470"]
[BlackElo "2242"]
[PlyCount "95"]
[EventDate "2013.01.11"]
[EventType "tourn"]
[EventRounds "1"]
[EventCountry "POL"]
[EventCategory "3"]
[SourceDate "2013.01.15"]

1. d4 c5 2. d5 e5 3. e4 d6 4. Nc3 Be7 5. Nf3 a6 6. a4 Bg4 7. g3 Bxf3 8. Qxf3
Bg5 9. Bxg5 Qxg5 10. h4 Qg6 11. Bh3 Ne7 12. Bf5 Qh6 13. g4 g6 14. g5 Qg7 15.
Bh3 h5 16. Nd1 Nd7 17. Ne3 Nb6 18. a5 Nbc8 19. Nc4 O-O 20. b4 f5 21. gxf6 Rxf6
22. Qe3 cxb4 23. Rb1 Kh7 24. Rxb4 Rb8 25. Nd2 Ng8 26. Qb3 Rf7 27. Nf3 Kh8 28.
Ng5 Re7 29. Qe3 Qf6 30. Rc4 Qf8 31. Ne6 Qh6 32. Qxh6+ Nxh6 33. Rg1 Na7 34. Rxg6
Ng8 35. Rg5 Nb5 36. Rxh5+ Rh7 37. Rxh7+ Kxh7 38. Ng5+ Kg6 39. Rc8 Rxc8 40. Bxc8
Na3 41. Bxb7 Nc4 42. Bxa6 Nxa5 43. Kd2 Nf6 44. Kc3 Kh5 45. Kb4 Kxh4 46. Nf3+
Kh3 47. Nd2 Kg2 48. Kxa5 1-0

[Event "115th YMCA Masters"]
[Site "Warszawa"]
[Date "2013.01.14"]
[Round "1"]
[White "Warszawski, Bartosz"]
[Black "Adamski, Andrzej"]
[Result "0-1"]
[WhiteElo "2261"]
[BlackElo "2256"]
[PlyCount "94"]
[EventDate "2013.01.11"]
[EventType "tourn"]
[EventRounds "1"]
[EventCountry "POL"]
[EventCategory "3"]
[SourceDate "2013.01.15"]

1. e4 e5 2. Nf3 Nc6 3. Bb5 f5 4. d4 fxe4 5. Nxe5 Nxe5 6. dxe5 c6 7. Nc3 cxb5 8.
Nxe4 d5 9. exd6 Nf6 10. Qd4 Be7 11. Bg5 Bf5 12. O-O-O Rc8 13. Bxf6 Bxf6 14.
Nxf6+ Kf8 15. Rd2 Qxf6 16. Qd5 Qf7 17. Qxb5 Qd7 18. Qd5 Qf7 19. Qa5 b6 20. Qa3
Kg8 21. Re1 h5 22. Re7 Qf6 23. Qxa7 Kh7 24. Qxb6 Rc4 25. Ree2 Rhc8 26. Qb3 R4c6
27. d7 Rd8 28. Qb5 Rc7 29. Re5 g6 30. Red5 Qg5 31. Kb1 Kh6 32. g3 Qe7 33. Re5
Qf7 34. Red5 Qe6 35. a4 Qe1+ 36. Ka2 Be6 37. b3 Bxd5 38. Rxd5 Qc3 39. a5 Qxc2+
40. Ka3 Qc1+ 41. Kb4 Qe1+ 42. Ka4 Rc1 43. Rxh5+ gxh5 44. Qb6+ Kg7 45. Qxd8 Qe4+
46. Ka3 Ra1+ 47. Kb2 Qd4+ 0-1

[Event "115th YMCA Masters"]
[Site "Warszawa"]
[Date "2013.01.24"]
[Round "1"]
[White "Skawinski, Arkadiusz"]
[Black "Bartel, Michal"]
[Result "0-1"]
[WhiteElo "2239"]
[BlackElo "2273"]
[Annotator "Admin"]
[PlyCount "68"]
[EventDate "2013.01.11"]
[EventType "tourn"]
[EventRounds "1"]
[EventCountry "POL"]
[EventCategory "3"]
[SourceDate "2013.01.15"]

1. e4 e5 2. Nf3 Nc6 3. Bb5 g6 4. d4 exd4 5. Bg5 Be7 6. Bxe7 Qxe7 7. Bxc6 dxc6
8. Qxd4 Nf6 9. Nc3 Bg4 10. Nd2 c5 11. Qe3 O-O-O 12. h3 Be6 13. O-O-O Rhe8 14.
Rhe1 b6 $11 15. f4 Bd7 16. e5 Bc6 17. g4 Nd5 18. Nxd5 Rxd5 19. Ne4 Rxd1+ 20.
Rxd1 Qe6 21. b3 h6 22. Qe1 c4 23. Nf6 Rh8 24. b4 h5 25. Qc3 hxg4 26. hxg4 Kb7
27. Kb2 Rh2 28. Rd2 Rh1 29. Rd4 b5 30. Rd2 Rf1 31. Qd4 c3+ 32. Qxc3 Rxf4 33. a3
Rf1 34. Re2 Rxf6 0-1

[Event "115th YMCA Masters"]
[Site "Warszawa"]
[Date "2013.01.18"]
[Round "2"]
[White "Przezdziecka, Marta"]
[Black "Bartel, Michal"]
[Result "0-1"]
[WhiteElo "2298"]
[BlackElo "2273"]
[PlyCount "62"]
[EventDate "2013.01.11"]
[EventType "tourn"]
[EventRounds "1"]
[EventCountry "POL"]
[EventCategory "3"]
[SourceDate "2013.01.15"]

1. Nf3 Nf6 2. g3 b5 3. Bg2 Bb7 4. O-O e6 5. d4 d5 6. Nbd2 c5 7. dxc5 Bxc5 8.
Nb3 Bb6 9. a4 bxa4 10. Rxa4 O-O 11. Bg5 Nbd7 12. Nfd4 Ne5 13. Ra2 Nc4 14. c3 h6
15. Bc1 Ne4 16. f3 Ned6 17. Kh1 a5 18. Nc2 f5 19. Nd2 Ne5 20. Nd4 Qe8 21. f4
Ng4 22. N2f3 Ne4 23. Qe1 Rc8 24. Bh3 Qh5 25. Kg2 Rf6 26. Bxg4 fxg4 27. Ng1 Rcf8
28. h4 g5 29. e3 e5 30. Nde2 d4 31. Kh2 d3 0-1

[Event "115th YMCA Masters"]
[Site "Warszawa"]
[Date "2013.01.18"]
[Round "2"]
[White "Adamski, Andrzej"]
[Black "Skawinski, Arkadiusz"]
[Result "0-1"]
[WhiteElo "2256"]
[BlackElo "2239"]
[PlyCount "62"]
[EventDate "2013.01.11"]
[EventType "tourn"]
[EventRounds "1"]
[EventCountry "POL"]
[EventCategory "3"]
[SourceDate "2013.01.15"]

1. e4 e6 2. d4 d5 3. Nc3 Nf6 4. e5 Nfd7 5. f4 c5 6. Nf3 a6 7. Be3 Qb6 8. Na4
Qa5+ 9. c3 cxd4 10. b4 Qc7 11. Bxd4 Nc6 12. a3 Nxd4 13. cxd4 a5 14. b5 Nb6 15.
Nxb6 Qxb6 16. a4 Bb4+ 17. Kf2 O-O 18. Rc1 f6 19. Kg3 Bd7 20. Bd3 Be8 21. Qc2
fxe5 22. fxe5 Rxf3+ 23. gxf3 Qxd4 24. Bxh7+ Kh8 25. Rhe1 Bxe1+ 26. Rxe1 g6 27.
Qc7 Qd2 28. Rg1 Qg5+ 29. Kf2 Qh4+ 30. Rg3 Qxh7 31. Qc5 Bd7 0-1

[Event "115th YMCA Masters"]
[Site "Warszawa"]
[Date "2013.01.18"]
[Round "2"]
[White "Cajbel, Maciej"]
[Black "Warszawski, Bartosz"]
[Result "1/2-1/2"]
[WhiteElo "2242"]
[BlackElo "2261"]
[Annotator "Admin"]
[PlyCount "49"]
[EventDate "2013.01.11"]
[EventType "tourn"]
[EventRounds "1"]
[EventCountry "POL"]
[EventCategory "3"]
[SourceDate "2013.01.15"]

1. e4 c5 2. Nf3 e6 3. d4 cxd4 4. Nxd4 Nc6 5. Nc3 Qc7 6. Be3 a6 7. Bd3 Nf6 8.
O-O b5 9. Nxc6 Qxc6 10. a3 Bb7 11. Qe2 h5 12. h3 Rc8 13. Rad1 b4 14. axb4 Bxb4
15. Bd4 Bxc3 16. Bxc3 Nxe4 17. Bxe4 Qxe4 18. Qxe4 Bxe4 19. f3 Bxc2 20. Rc1 d5
21. Rxc2 d4 22. Ra1 dxc3 23. Rxc3 Rb8 24. Rxa6 O-O 25. Rc2 $11 1/2-1/2

[Event "115th YMCA Masters"]
[Site "Warszawa"]
[Date "2013.01.18"]
[Round "2"]
[White "Kosiorek, Marek"]
[Black "Leniart, Arkadiusz"]
[Result "0-1"]
[WhiteElo "2366"]
[BlackElo "2470"]
[PlyCount "78"]
[EventDate "2013.01.11"]
[EventType "tourn"]
[EventRounds "1"]
[EventCountry "POL"]
[EventCategory "3"]
[SourceDate "2013.01.15"]

1. e4 e5 2. Nf3 Nc6 3. Bb5 a6 4. Ba4 Nf6 5. O-O Be7 6. Re1 b5 7. Bb3 d6 8. c3
O-O 9. d4 Bg4 10. d5 Na5 11. Bc2 c6 12. h3 Bd7 13. dxc6 Bxc6 14. Nbd2 Qc7 15.
b4 Nc4 16. Nxc4 bxc4 17. Bd2 Rfe8 18. a4 Rad8 19. Qe2 d5 20. exd5 Bxd5 21. Nxe5
Bd6 22. f4 Nd7 23. Qh5 g6 24. Nxg6 Nf6 25. Qg5 hxg6 26. Qxf6 Be7 27. Qxa6 Bb7
28. Qb5 Bc6 29. Qxc4 Rxd2 30. Be4 Bh4 31. Qxc6 Qxc6 32. Bxc6 Rxe1+ 33. Rxe1
Bxe1 34. a5 Ra2 35. b5 Rxa5 36. c4 Bg3 37. Kf1 Ra2 38. Bd5 Rb2 39. f5 gxf5 0-1

[Event "115th YMCA Masters"]
[Site "Warszawa"]
[Date "2013.02.14"]
[Round "2"]
[White "Janczarski, Michal"]
[Black "Nguyen, Piotr"]
[Result "1-0"]
[WhiteElo "2335"]
[BlackElo "2378"]
[PlyCount "87"]
[EventDate "2013.01.11"]
[EventType "tourn"]
[EventRounds "1"]
[EventCountry "POL"]
[EventCategory "3"]
[SourceDate "2013.01.15"]

1. d4 Nf6 2. c4 c5 3. d5 b5 4. cxb5 a6 5. bxa6 g6 6. Nc3 Bxa6 7. g3 d6 8. Bg2
Nbd7 9. Nf3 Bg7 10. O-O Nb6 11. Ne1 O-O 12. Nc2 Qd7 13. h3 Ne8 14. Ne3 Nc7 15.
Re1 Rfb8 16. Bd2 Bb7 17. b3 e6 18. dxe6 fxe6 19. Bxb7 Rxb7 20. Qc2 d5 21. Ng4
e5 22. Bh6 e4 23. Red1 Qc6 24. Bxg7 h5 25. Be5 hxg4 26. Nxe4 Ne6 27. Nf6+ Kf7
28. Nxg4 Nd7 29. Nh6+ Ke7 30. Ng4 Ng5 31. Qd2 Nxh3+ 32. Kh2 Rb4 33. Kxh3 Rxg4
34. Qxd5 Qxd5 35. Rxd5 Re4 36. Bd6+ Ke6 37. Rd2 g5 38. f3 Re3 39. Rc1 Rc8 40.
Kg2 Kf6 41. Kf2 Re6 42. g4 Rc6 43. Bg3 Kg7 44. Rd5 1-0

[Event "115th YMCA Masters"]
[Site "Warszawa"]
[Date "2013.01.18"]
[Round "2"]
[White "Rudolf, Michal"]
[Black "Rudnicki, Milosz"]
[Result "1/2-1/2"]
[WhiteElo "2369"]
[BlackElo "2229"]
[Annotator "Admin"]
[PlyCount "35"]
[EventDate "2013.01.11"]
[EventType "tourn"]
[EventRounds "1"]
[EventCountry "POL"]
[EventCategory "3"]
[SourceDate "2013.01.15"]

1. d4 Nf6 2. c4 e6 3. Nc3 Bb4 4. Qc2 d5 5. cxd5 exd5 6. Bg5 c6 7. e3 Bg4 8. h3
Bh5 9. f4 h6 10. Bxf6 Qxf6 11. g4 Qh4+ 12. Qf2 Qxf2+ 13. Kxf2 Bg6 14. Nf3 Nd7
15. f5 Bh7 16. Bd3 O-O-O 17. Rac1 Nf6 18. Ne5 $11 1/2-1/2

[Event "115th YMCA Masters"]
[Site "Warszawa"]
[Date "2013.01.25"]
[Round "3"]
[White "Rudnicki, Milosz"]
[Black "Przezdziecka, Marta"]
[Result "1-0"]
[WhiteElo "2229"]
[BlackElo "2298"]
[Annotator "Admin"]
[PlyCount "143"]
[EventDate "2013.01.11"]
[EventType "tourn"]
[EventRounds "1"]
[EventCountry "POL"]
[EventCategory "3"]
[SourceDate "2013.01.15"]

1. e4 c5 2. Nf3 Nc6 3. d4 cxd4 4. Nxd4 Qc7 5. Nc3 e6 6. Be2 a6 7. O-O Nf6 8.
Be3 Bb4 9. Na4 O-O 10. f4 b5 11. a3 Ba5 12. b4 bxa4 13. bxa5 Nxe4 14. Qd3 d5
15. c4 Nxd4 16. Qxd4 Qxa5 17. Rac1 Bb7 18. Bd3 Nf6 19. c5 Bc6 20. Rf3 Qd8 21.
Rg3 g6 22. Qe5 Nd7 23. Qd6 Rc8 24. Bd4 Qc7 25. Bxa6 Bb7 26. Qxc7 Rxc7 27. Bxb7
Rxb7 28. Rgc3 Rc7 29. c6 Nb8 30. Be5 Rcc8 31. Bd6 Rfe8 32. Kf2 f6 33. Rc5 Kf7
34. g3 e5 35. fxe5 fxe5 36. Bxb8 $11 Rxb8 37. Rxd5 Ke6 38. Rcc5 Kf6 39. c7 Rbc8
40. Ke3 Re7 41. Rd6+ Kf7 42. Rdc6 Ke8 $11 43. Ke4 Kd7 44. Rc4 Re6 45. R6c5 Rd6
46. Kxe5 Re6+ 47. Kf4 Re2 48. Rd4+ Ke7 49. h4 Rf2+ 50. Ke3 Rg2 51. Kf3 Ra2 52.
Rc3 Rb2 53. Rxa4 Rb7 54. Rac4 Kd7 55. Kf4 Rf8+ 56. Kg5 Kc8 57. Rc5 Rf7 58. a4
Ra7 59. a5 Ra6 60. Re5 Rxc7 61. Rxc7+ Kxc7 62. Re7+ Kd8 63. Rxh7 Ke8 64. Rg7
Kf8 65. Rxg6 Rxa5+ 66. Kh6 Kf7 67. g4 Ra8 68. Rg7+ Kf8 69. g5 Ra6+ 70. Kh7 Ra4
71. h5 Rg4 72. h6 1-0

[Event "115th YMCA Masters"]
[Site "Warszawa"]
[Date "2013.02.11"]
[Round "3"]
[White "Nguyen, Piotr"]
[Black "Rudolf, Michal"]
[Result "1-0"]
[WhiteElo "2378"]
[BlackElo "2369"]
[PlyCount "79"]
[EventDate "2013.01.11"]
[EventType "tourn"]
[EventRounds "1"]
[EventCountry "POL"]
[EventCategory "3"]
[SourceDate "2013.01.15"]

1. d4 Nf6 2. Nf3 g6 3. Bg5 Bg7 4. Nbd2 d5 5. e3 O-O 6. Bd3 Nbd7 7. O-O c5 8. c3
b6 9. b4 Bb7 10. bxc5 bxc5 11. Qb3 Bc6 12. Qa3 Ne4 13. Bh4 Re8 14. Nb3 Rc8 15.
dxc5 Qc7 16. Rac1 Nexc5 17. Nxc5 Qd6 18. c4 Nxc5 19. cxd5 Nxd3 20. Qxd6 exd6
21. Rxc6 Rxc6 22. dxc6 Rc8 23. Rb1 Rxc6 24. Rb8+ Bf8 25. g4 Rc7 26. Bd8 Rd7 27.
g5 h6 28. gxh6 Bxh6 29. Bf6+ Bf8 30. Ng5 Ne5 31. Ne4 Rc7 32. Ra8 Ng4 33. Bd4 f5
34. Ng5 Re7 35. Bxa7 Kg7 36. Bd4+ Kh6 37. Rxf8 Kxg5 38. h3 Ne5 39. f4+ Kh4 40.
Kg2 1-0

[Event "115th YMCA Masters"]
[Site "Warszawa"]
[Date "2013.01.23"]
[Round "3"]
[White "Leniart, Arkadiusz"]
[Black "Janczarski, Michal"]
[Result "0-1"]
[WhiteElo "2470"]
[BlackElo "2335"]
[Annotator "Admin"]
[PlyCount "92"]
[EventDate "2013.01.11"]
[EventType "tourn"]
[EventRounds "1"]
[EventCountry "POL"]
[EventCategory "3"]
[SourceDate "2013.01.15"]

1. d4 Nf6 2. c4 g6 3. Nc3 d5 4. cxd5 Nxd5 5. e4 Nxc3 6. bxc3 Bg7 7. Be3 O-O 8.
Bc4 c5 9. Ne2 Nc6 10. O-O Bg4 11. f3 Na5 12. Bd3 cxd4 13. cxd4 Be6 14. Rc1 Bxa2
15. Qa4 Be6 16. d5 Bd7 17. Qa3 b5 18. Nd4 b4 19. Qxb4 Rb8 20. Qc3 Nb3 21. Rb1
Nxd4 22. Bxd4 Bxd4+ 23. Qxd4 Rxb1 24. Rxb1 Qc7 25. Qb4 Re8 $11 26. Qb7 Qc5+ 27.
Kf1 Rd8 28. Ke2 Kf8 29. Qb4 Qc7 30. g3 f6 31. Qb7 Qc5 32. Qb4 Qc7 33. Ke3 Be8
34. f4 h5 35. Qc4 Qd7 36. Qa6 Qc7 37. Qb7 Qc5+ 38. Ke2 Bd7 39. f5 gxf5 40. exf5
Be8 41. Be4 Qc4+ 42. Bd3 Qd4 43. Qb4 Qxd5 44. Qe4 Qa2+ 45. Kf1 Bf7 46. Re1 Rxd3
0-1

[Event "115th YMCA Masters"]
[Site "Warszawa"]
[Date "2013.01.28"]
[Round "3"]
[White "Warszawski, Bartosz"]
[Black "Kosiorek, Marek"]
[Result "1/2-1/2"]
[WhiteElo "2261"]
[BlackElo "2366"]
[Annotator "Admin"]
[PlyCount "49"]
[EventDate "2013.01.11"]
[EventType "tourn"]
[EventRounds "1"]
[EventCountry "POL"]
[EventCategory "3"]
[SourceDate "2013.01.15"]

1. e4 c5 2. Nf3 d6 3. d4 cxd4 4. Nxd4 Nf6 5. Nc3 a6 6. Be3 e6 7. Be2 Nc6 8. f4
Be7 9. O-O O-O 10. Kh1 Bd7 11. Qe1 b5 12. a3 Qb8 13. Bf3 Nxd4 14. Bxd4 e5 15.
Be3 Rc8 16. fxe5 dxe5 17. Bg5 Be6 18. Qg3 b4 19. axb4 Qxb4 20. Nd5 Bxd5 21.
exd5 e4 22. Bxf6 Bxf6 23. Bxe4 Qxe4 24. Rxf6 Qxd5 25. Rf2 $11 1/2-1/2

[Event "115th YMCA Masters"]
[Site "Warszawa"]
[Date "2013.01.25"]
[Round "3"]
[White "Skawinski, Arkadiusz"]
[Black "Cajbel, Maciej"]
[Result "1-0"]
[WhiteElo "2239"]
[BlackElo "2242"]
[PlyCount "107"]
[EventDate "2013.01.11"]
[EventType "tourn"]
[EventRounds "1"]
[EventCountry "POL"]
[EventCategory "3"]
[SourceDate "2013.01.15"]

1. e4 g6 2. d4 Bg7 3. Nc3 c6 4. h3 d5 5. Nf3 dxe4 6. Nxe4 Nd7 7. Bc4 Ngf6 8.
Qe2 O-O 9. O-O b5 10. Bb3 Bb7 11. Nxf6+ Nxf6 12. a4 Qc7 13. Ne5 a5 14. Bf4 Qb6
15. Rfd1 Rad8 16. Nd3 Nd5 17. Bxd5 cxd5 18. Qxe7 Rc8 19. c3 bxa4 20. Rxa4 Bc6
21. Raa1 Bb5 22. Qa3 Bxd3 23. Rxd3 Rfe8 24. Rd2 Re4 25. Bg3 Bh6 26. Rdd1 Re2
27. Qxa5 Qe6 28. Qb5 Qe4 29. Qb7 Rf8 30. Ra8 Qc2 31. Rf1 Qxb2 32. Qxd5 Qxc3 33.
Bd6 Rfe8 34. Be5 Rf8 35. Rxf8+ Bxf8 36. Qd8 Rxe5 37. dxe5 Qxe5 38. Rd1 h5 39.
Qd4 Qg5 40. Qd5 Qf6 41. Rd3 Qe7 42. Re3 Qf6 43. g3 Bg7 44. Kg2 Bf8 45. Qd7 Qb2
46. Re8 Qb4 47. Qd5 Qa3 48. Rc8 Qe7 49. Qc4 Qd6 50. Rc6 Qe5 51. Rxg6+ Bg7 52.
h4 Kf8 53. Rg5 Qb8 54. Rxh5 1-0

[Event "115th YMCA Masters"]
[Site "Warszawa"]
[Date "2013.01.25"]
[Round "3"]
[White "Bartel, Michal"]
[Black "Adamski, Andrzej"]
[Result "0-1"]
[WhiteElo "2273"]
[BlackElo "2256"]
[PlyCount "72"]
[EventDate "2013.01.11"]
[EventType "tourn"]
[EventRounds "1"]
[EventCountry "POL"]
[EventCategory "3"]
[SourceDate "2013.01.15"]

1. Nf3 d6 2. e4 g6 3. d4 Bg7 4. Nc3 Nf6 5. h3 c6 6. a4 O-O 7. Bg5 Qa5 8. Qd2 e5
9. d5 Qb4 10. Bd3 cxd5 11. Bxf6 Bxf6 12. Nxd5 Qxd2+ 13. Nxd2 Bd8 14. Nc4 Na6
15. Nxd6 Nc5 16. Bc4 a5 17. O-O Be6 18. b3 Rb8 19. Rad1 Bg5 20. Nb6 Rfd8 21.
Bxe6 Nxe6 22. Ndc4 Rxd1 23. Rxd1 Rd8 24. Rd5 Nf4 25. Rxe5 Rd1+ 26. Kh2 f6 27.
Rxa5 Rf1 28. f3 Bh4 29. Ra8+ Kg7 30. Ne3 Re1 31. Rd8 Ne2 32. Rd7+ Kf8 33. Rd8+
Ke7 34. Rd7+ Ke8 35. Nf5 gxf5 36. Rg7 f4 0-1

[Event "115th YMCA Masters"]
[Site "Warszawa"]
[Date "2013.02.01"]
[Round "4"]
[White "Przezdziecka, Marta"]
[Black "Adamski, Andrzej"]
[Result "0-1"]
[WhiteElo "2298"]
[BlackElo "2256"]
[PlyCount "82"]
[EventDate "2013.01.11"]
[EventType "tourn"]
[EventRounds "1"]
[EventCountry "POL"]
[EventCategory "3"]
[SourceDate "2013.01.15"]

1. d4 d6 2. Nf3 Nf6 3. c4 g6 4. Nc3 Bg7 5. e4 O-O 6. Be2 e5 7. O-O Nc6 8. d5
Ne7 9. b4 Ne8 10. c5 a5 11. Ba3 axb4 12. Bxb4 dxc5 13. Bxc5 Nd6 14. Qb3 b6 15.
Bb4 Bg4 16. Rfd1 Bxf3 17. Bxf3 f5 18. Bxd6 cxd6 19. Nb5 fxe4 20. Bxe4 Nf5 21.
Bxf5 Rxf5 22. Rac1 Qh4 23. Rc2 Raf8 24. Nxd6 Rxf2 25. Ne4 R2f4 26. d6+ Kh8 27.
g3 Qh5 28. Nf2 Rf3 29. Rd3 e4 30. Nxe4 Rf1+ 31. Kg2 Qe5 32. Qd5 Qa1 33. Nd2
R1f2+ 34. Kh3 Qg1 35. Kg4 Qd1+ 36. Nf3 Qxc2 37. d7 Bf6 38. Qd6 Kg7 39. Nd4 Qc4
40. Kh3 Bxd4 41. Rxd4 Qf1+ 0-1

[Event "115th YMCA Masters"]
[Site "Warszawa"]
[Date "2013.01.30"]
[Round "4"]
[White "Cajbel, Maciej"]
[Black "Bartel, Michal"]
[Result "0-1"]
[WhiteElo "2242"]
[BlackElo "2273"]
[PlyCount "70"]
[EventDate "2013.01.11"]
[EventType "tourn"]
[EventRounds "1"]
[EventCountry "POL"]
[EventCategory "3"]
[SourceDate "2013.01.15"]

1. Nf3 Nf6 2. c4 c6 3. b3 d5 4. Bb2 Bg4 5. g3 Bxf3 6. exf3 e6 7. Bg2 Nbd7 8.
O-O Bc5 9. d4 Be7 10. Nd2 g5 11. Qe2 h5 12. Rfe1 Qc7 13. Rac1 Qb6 14. Qe3 Rg8
15. f4 Ng4 16. Qe2 gxf4 17. cxd5 fxg3 18. hxg3 cxd5 19. Bxd5 h4 20. Nc4 Qa6 21.
Bf3 hxg3 22. fxg3 Nh6 23. Qg2 Rb8 24. Be4 b5 25. Ne3 Qxa2 26. Bc6 Rd8 27. Ra1
Qxb3 28. Rxa7 Bd6 29. g4 Bf4 30. Bxd7+ Rxd7 31. Ra8+ Ke7 32. Nf5+ Nxf5 33. Rxg8
Nh4 34. Qe2 Qg3+ 35. Kf1 Qh3+ 0-1

[Event "115th YMCA Masters"]
[Site "Warszawa"]
[Date "2013.02.14"]
[Round "4"]
[White "Kosiorek, Marek"]
[Black "Skawinski, Arkadiusz"]
[Result "0-1"]
[WhiteElo "2366"]
[BlackElo "2239"]
[PlyCount "98"]
[EventDate "2013.01.11"]
[EventType "tourn"]
[EventRounds "1"]
[EventCountry "POL"]
[EventCategory "3"]
[SourceDate "2013.01.15"]

1. c4 c6 2. e4 d5 3. exd5 cxd5 4. d4 Nf6 5. Nc3 e6 6. Nf3 Bb4 7. cxd5 Nxd5 8.
Bd2 Nc6 9. Bd3 O-O 10. O-O Be7 11. Bb1 Bf6 12. Qc2 g6 13. Bh6 Re8 14. Qd2 Nxc3
15. bxc3 e5 16. d5 e4 17. Ng5 e3 18. fxe3 Bxg5 19. Bxg5 Qxg5 20. dxc6 Qxe3+ 21.
Qxe3 Rxe3 22. Rd1 bxc6 23. Rd8+ Kg7 24. Bd3 Re7 25. Rd1 Bg4 26. Rxa8 Bxd1 27.
Kf2 Bg4 28. Bc4 Kf6 29. a4 Be6 30. Bxe6 Kxe6 31. a5 Kd5 32. a6 c5 33. g4 Kc4
34. Rb8 Re6 35. Rb7 Rxa6 36. Rxf7 h6 37. Rc7 g5 38. Ke3 Rd6 39. Rxa7 Kxc3 40.
Ke4 c4 41. Ke5 Rd2 42. h3 Rd3 43. Ra6 Kd2 44. Rxh6 c3 45. Ra6 c2 46. Ra1 c1=Q
47. Rxc1 Kxc1 48. Ke4 Rd8 49. Kf5 Rd5+ 0-1

[Event "115th YMCA Masters"]
[Site "Warszawa"]
[Date "2013.01.30"]
[Round "4"]
[White "Janczarski, Michal"]
[Black "Warszawski, Bartosz"]
[Result "1-0"]
[WhiteElo "2335"]
[BlackElo "2261"]
[PlyCount "95"]
[EventDate "2013.01.11"]
[EventType "tourn"]
[EventRounds "1"]
[EventCountry "POL"]
[EventCategory "3"]
[SourceDate "2013.01.15"]

1. d4 d5 2. c4 e6 3. Nc3 c5 4. cxd5 exd5 5. Nf3 Nc6 6. g3 Nf6 7. Bg2 Be7 8. O-O
O-O 9. Bg5 cxd4 10. Nxd4 h6 11. Be3 Re8 12. Rc1 Bg4 13. h3 Be6 14. Kh2 Qd7 15.
Qa4 a6 16. Nxc6 bxc6 17. Rfd1 Rab8 18. Rd2 Rb4 19. Qxa6 Bd6 20. Bd4 Nh5 21. Na4
Nf4 22. Nc5 Bxc5 23. Bxc5 Bxh3 24. gxf4 Qg4 25. Bxh3 Qxf4+ 26. Kg2 Qg5+ 27. Kh2
Qf4+ 28. Kg2 Qg5+ 29. Kf1 Qxd2 30. Bxb4 Qxc1+ 31. Be1 Qxb2 32. a4 c5 33. Bd7
Re5 34. Bg4 c4 35. Qc8+ Kh7 36. a5 h5 37. Bf3 Qa1 38. a6 Re6 39. Bxd5 Rxa6 40.
Bxf7 h4 41. Qg8+ Kh6 42. Qh8+ Kg5 43. Qh5+ Kf6 44. Bxc4 Ra4 45. Qxh4+ g5 46.
Qh6+ Kf5 47. Qe6+ Kf4 48. e3+ 1-0

[Event "115th YMCA Masters"]
[Site "Warszawa"]
[Date "2013.02.01"]
[Round "4"]
[White "Rudolf, Michal"]
[Black "Leniart, Arkadiusz"]
[Result "1/2-1/2"]
[WhiteElo "2369"]
[BlackElo "2470"]
[Annotator "Admin"]
[PlyCount "60"]
[EventDate "2013.01.11"]
[EventType "tourn"]
[EventRounds "1"]
[EventCountry "POL"]
[EventCategory "3"]
[SourceDate "2013.01.15"]

1. d4 Nf6 2. c4 g6 3. Nc3 d5 4. Nf3 Bg7 5. Qb3 dxc4 6. Qxc4 a6 7. e4 b5 8. Qb3
O-O 9. Be2 Bb7 10. e5 Nd5 11. O-O Nxc3 12. bxc3 c5 13. a4 cxd4 14. axb5 d3 15.
Rd1 Nd7 16. Rxd3 Qc7 17. Rd1 Nc5 18. Qb4 axb5 19. Ba3 Rac8 20. Qxb5 Ba6 21.
Qxc5 Qxc5 22. Bxc5 Bxe2 23. Bxe7 Rfe8 24. Rd7 Rxc3 25. Re1 $11 Bxf3 26. gxf3
Rxf3 27. Rd8 Rxd8 28. Bxd8 Kf8 29. e6 Bd4 30. Bh4 fxe6 $11 1/2-1/2

[Event "115th YMCA Masters"]
[Site "Warszawa"]
[Date "2013.02.01"]
[Round "4"]
[White "Rudnicki, Milosz"]
[Black "Nguyen, Piotr"]
[Result "1-0"]
[WhiteElo "2229"]
[BlackElo "2378"]
[PlyCount "103"]
[EventDate "2013.01.11"]
[EventType "tourn"]
[EventRounds "1"]
[EventCountry "POL"]
[EventCategory "3"]
[SourceDate "2013.01.15"]

1. e4 e6 2. d4 d5 3. Nc3 h6 4. Be3 Bb4 5. a3 Bxc3+ 6. bxc3 Nf6 7. e5 Nfd7 8.
Qg4 Kf8 9. h4 c5 10. Rh3 f5 11. exf6 Nxf6 12. Qg6 Qc7 13. Rf3 Nbd7 14. Bb5 cxd4
15. Bxd4 e5 16. Bxd7 Bxd7 17. Rxf6+ gxf6 18. Qxf6+ Kg8 19. Qg6+ Kf8 20. Qf6+
Kg8 21. Bxe5 Qxe5+ 22. Qxe5 Re8 23. Nf3 Kh7 24. Kd2 Rxe5 25. Nxe5 Be6 26. f3
Kg7 27. Rb1 Kf6 28. Nd3 Rh7 29. Rb4 h5 30. Ke3 b6 31. Rf4+ Ke7 32. Ne5 Kd6 33.
Kd4 Rc7 34. g4 hxg4 35. fxg4 Rc5 36. h5 Ra5 37. Nd3 Ra4+ 38. Ke3 Rxa3 39. Kd2
Ra1 40. Nc1 Ke5 41. h6 Kxf4 42. h7 Bxg4 43. h8=Q Bf5 44. c4 Ra5 45. Ne2+ Kg5
46. Qg7+ Bg6 47. Qe5+ Kh6 48. cxd5 Rc5 49. c3 Kh7 50. Qe7+ Kg8 51. Nf4 Bf7 52.
d6 1-0